| 000 | 01617nam a2200349 a 4500 | ||
|---|---|---|---|
| 001 | ebr5000174 | ||
| 003 | CaPaEBR | ||
| 006 | m u | ||
| 007 | cr cn||||||||| | ||
| 008 | 020701s2000 ne sb 001 0 eng | ||
| 015 | _aGBA2-42311 | ||
| 016 | 7 |
_z1556196784 _2Uk |
|
| 040 |
_aCaPaEBR _cCaPaEBR |
||
| 035 | _a(OCoLC)70769217 | ||
| 050 | 1 | 4 |
_aHD6060.5.S8 _bB45 2000eb |
| 082 | 0 | 4 |
_a306.361509485 _221 |
| 100 | 1 | _aBeinum, Ingrid Ljungberg van. | |
| 245 | 1 | 0 |
_aUsing the lamp instead of looking into the mirror _h[electronic resource] : _bwomen and men in discussion about the relationship between men and women in the work place / _cIngrid Ljungberg van Beinum. |
| 260 |
_aAmsterdam ; _a[Great Britain] : _bJohn Benjamins Pub. Co, _cc2000. |
||
| 300 | _axviii, 186 p. | ||
| 490 | 1 |
_aDialogues on work and innovation, _x1384-6671 ; _vv. 11 |
|
| 504 | _aIncludes bibliographical references and index. | ||
| 533 |
_aElectronic reproduction. _bPalo Alto, Calif. : _cebrary, _d2013. _nAvailable via World Wide Web. _nAccess may be limited to ebrary affiliated libraries. |
||
| 650 | 0 |
_aSex discrimination in employment _zSweden _vCase studies. |
|
| 650 | 0 |
_aSex role in the work environment _zSweden _vCase studies. |
|
| 650 | 0 |
_aSex discrimination against women _zSweden _vCase studies. |
|
| 650 | 0 |
_aMan-woman relationships _zSweden _vCase studies. |
|
| 655 | 7 |
_aElectronic books. _2local |
|
| 710 | 2 | _aebrary, Inc. | |
| 830 | 0 |
_aDialogues on work and innovation ; _vv. 11. |
|
| 856 | 4 | 0 |
_uhttp://site.ebrary.com/lib/rucke/Doc?id=5000174 _zAn electronic book accessible through the World Wide Web; click to view |
| 999 |
_c2172 _d2172 |
||